Trivia Trail - Pokémon - Statistics

General Stats
  • This quiz has been taken 70 times
  • The average score is 19 of 30
Answer Stats
Hint Answer % Correct
Eevee evolves into this Pokémon with high friendship at night Umbreon
98%
See quiz thumbnail Pikachu
95%
Evolves into Purugly Glameow
80%
Original name in the Red and Blue beta was "Sandstorm" Sandslash
80%
The karate-practising counterpart of Throh Sawk
80%
Giovanni's beloved pet Persian
79%
The only Ghost-type Pokémon featured in Pokémon Snap Haunter
75%
Revived from the Old Amber Aerodactyl
73%
The only Pokémon obtainable by breeding a Mythical Pokémon Phione
71%
Has the ability to possess certain electrical appliances Rotom
71%
Said to always face north Nosepass
70%
Star of the TV movie "The Legend of Thunder" Raikou
70%
Lord Helix (fully evolved) Omastar
68%
Youngster Joey's is theorised to be in the top percentage of its species Rattata
68%
UB-04 Blade Kartana
66%
The Being of Knowledge Uxie
66%
Generation 8's sole Mythical Pokémon Zarude
64%
Acquired through collecting 999 coins named after its pre-evolution Gholdengo
63%
The ace of Wulfric, Snowbelle City's Gym Leader Avalugg
61%
Called "Schlurp" in Germany Lickitung
59%
The Fairy-type member of Kitakami's Loyal Three Fezandipiti
57%
Johto Pokémon said to drift and float with the wind, sometimes against its will Hoppip
55%
The only Pokémon that requires two held-item trade evolutions to obtain Porygon-Z
55%
So i herd u liek... Mudkip
54%
Swallows a Master Ball in the anime Whiscash
50%
The largest Pokémon, appropriately called the Gigantic Pokémon by the Pokédex Eternatus
48%
Its existence was showcased during a 24-hour 'livestream' of Glimwood Tangle Impidimp
39%
The first Pokémon mentioned in the original 4Kids Kanto PokéRap Electrode
38%
Has an island in Alola named after it Exeggutor
30%
Pokémon whose house you live in at the very start of Super Mystery Dungeon Nuzleaf
27%
No matching quizzes found
Score Distribution
Percent of People with Each Score
Percentile by Number Answered
Your Score History
You have not taken this quiz